Score 0/22 Timer 02:00
0 Plays Today
HINT WORD % Correct
'To ____ and to hold...'HAVE
94.1%
Use a bookREAD
89.4%
☀ CORRIDOR ☀☀ HALL ☀
89.3%
____ In 60 SecondsGONE
88.9%
☀WILDER, HACKMAN, OR, SIMMONS ☀☀ GENE ☀
87.3%
☀ WALKING ____☀ DEAD ☀
85.3%
Refined fellowGENT
82.6%
Let's Make A ____DEAL
82.4%
In robust healthHALE
82.4%
☀ TSUNAMI, E.G. ☀☀ WAVE ☀
80.5%
Voter surveyPOLL
79.6%
HINT WORD % Correct
The Farmer In The ____DELL
76.4%
Prefix for fivePENT
75.6%
Chucky or Betsy WetsyDOLL
73%
Furred hidePELT
71.9%
Coffin drapePALL
71%
Mell's speedy partnerPELL
66.4%
Tear asunderREND
50.8%
Corn breadPONE
47.3%
Yertle's milieuPOND
39.3%
To remain undecidedPEND
38.1%
☀ COMMON BOND ☀☀ POOL ☀
30.8%

Today's Daily Dose

Remove Ads.
Support Sporcle.
Get the best of Sporcle when you Go Orange. This ad-free experience offers more features, more stats, and more fun while also helping to support Sporcle. Thank you for becoming a member.

You're not logged in!

Compare scores with friends on all Sporcle quizzes.
OR
Log In

Show Comments

Extras

Top Quizzes Today


Score Distribution

Your Account Isn't Verified!

In order to create a playlist on Sporcle, you need to verify the email address you used during registration. Go to your Sporcle Settings to finish the process.

Report this User

Report this user for behavior that violates our Community Guidelines.

Details: